[Event "RN-2011-0-00413"]
[White "Adeoye, Olufunminiyi"]
[Black "Lebduska, Daniel"]
[Site "LSS email"]
[Round "?"]
[Result "0-1"]
[Date "2011.10.10"]
[WhiteElo "800"]
[BlackElo "684"]
[PlyCount "22"]
[EventDate "2011.09.21"]
[EventType "tourn (corr)"]
[EventRounds "6"]
[EventCountry "GER"]
[SourceTitle "Corr 2015"]
[Source "ChessBase"]
[SourceDate "2015.07.17"]
[SourceVersion "1"]
[SourceVersionDate "2015.07.17"]
[SourceQuality "1"]

1. e4 e5 2. Nc3 Nf6 3. d3 h6 4. Nf3 Bd6 5. Be3 0-0 6. Nb5 Be7 7. Nxe5 c6 8. Bxa7 cxb5 9. Qf3 Rxa7 10. g4 d6 11. Nxf7 Rxf7 0-1

[Event "RN-2011-0-00413"]
[White "Brough, Carl"]
[Black "Adeoye, Olufunminiyi"]
[Site "LSS email"]
[Round "?"]
[Result "1-0"]
[Date "2011.10.09"]
[WhiteElo "801"]
[BlackElo "800"]
[PlyCount "23"]
[EventDate "2011.09.21"]
[EventType "tourn (corr)"]
[EventRounds "6"]
[EventCountry "GER"]
[SourceTitle "Corr 2015"]
[Source "ChessBase"]
[SourceDate "2015.07.17"]
[SourceVersion "1"]
[SourceVersionDate "2015.07.17"]
[SourceQuality "1"]

1. d4 e6 2. c4 Bb4+ 3. Bd2 Qg5 4. Nf3 Qa5 5. e3 Nc6 6. c5 Bxd2+ 7. Qxd2 Nb4 8. a3 Qa4 9. Bd3 Nf6 10. 0-0 b6 11. Nc3 Qb3 12. a4 1-0

[Event "OP-2011-0-01804"]
[White "Adeoye, Olufunminiyi"]
[Black "Fernandez, German"]
[Site "LSS email"]
[Round "?"]
[Result "0-1"]
[Date "2011.10.05"]
[WhiteElo "800"]
[BlackElo "1059"]
[PlyCount "24"]
[EventDate "2011.10.01"]
[EventType "tourn (corr)"]
[EventRounds "4"]
[EventCountry "GER"]
[SourceTitle "Corr 2015"]
[Source "ChessBase"]
[SourceDate "2015.07.17"]
[SourceVersion "1"]
[SourceVersionDate "2015.07.17"]
[SourceQuality "1"]

1. g3 d5 2. Bg2 e5 3. c3 Nf6 4. d4 e4 5. Nd2 Bd6 6. Qa4+ c6 7. f3 b5 8. Qb4 Bxb4 9. cxb4 0-0 10. Nh3 Bxh3 11. Bxh3 Nbd7 12. fxe4 Nxe4 0-1

[Event "OP-2011-0-01804"]
[White "Adeoye, Olufunminiyi"]
[Black "Venturas, Bob"]
[Site "LSS email"]
[Round "?"]
[Result "0-1"]
[Date "2011.10.05"]
[WhiteElo "800"]
[BlackElo "808"]
[PlyCount "54"]
[EventDate "2011.10.01"]
[EventType "tourn (corr)"]
[EventRounds "4"]
[EventCountry "GER"]
[SourceTitle "Telechess CBM 149"]
[Source "ChessBase"]
[SourceDate "2012.07.17"]
[SourceVersion "1"]
[SourceVersionDate "2012.07.17"]
[SourceQuality "1"]

1. e4 e5 2. Nc3 a6 3. Nf3 Nc6 4. d3 h6 5. Be3 Nf6 6. g3 Bb4 7. Qd2 d5 8. a3 Bxc3 9. Qxc3 d4 10. Bxd4 exd4 11. Qxc6+ bxc6 12. Nxd4 Qxd4 13. c3 Qe5 14. f4 Qe7 15. e5 0-0 16. Bg2 Bb7 17. 0-0-0 Ng4 18. Rdf1 Ne3 19. Rf3 Nxg2 20. Rg1 Rad8 21. Rxg2 c5 22. c4 Bxf3 23. Rf2 Rxd3 24. Kc2 Rfd8 25. b4 cxb4 26. axb4 Qxb4 27. c5 Rc3# 0-1